Top 10 Songs by Dio - Statistics

General Stats
  • This quiz has been taken 5 times
  • The average score is 3 of 10
Answer Stats
Hint Answer % Correct
2 Holy Diver
80%
1 Rainbow in the Dark
60%
3 The Last in Line
60%
5 We Rock
40%
7 Rock 'n' Roll Children
20%
9 Caught in the Middle
0%
4 Don't Talk to Stranger
0%
10 Sacred Heart
0%
8 Stand Up and Shout
0%
6 Straight Through the Heart
0%
No matching quizzes found
Score Distribution
Percent of People with Each Score
Percentile by Number Answered
Your Score History
You have not taken this quiz